Real estate and construction professionals in India by 2020 (Record no. 112959)

MARC details
000 -LEADER
fixed length control field 01226cad a22002295a 4500
001 - CONTROL NUMBER
control field E154378
008 - FIXED-LENGTH DATA ELEMENTS--GENERAL INFORMATION
fixed length control field 111122s2011 xxk f 000 0 eng d
020 ## - INTERNATIONAL STANDARD BOOK NUMBER
International Standard Book Number 9781842198292
035 ## - SYSTEM CONTROL NUMBER
System control number (Sirsi) u154378
041 0# - LANGUAGE CODE
Language code of text/sound track or separate title eng
050 04 - LIBRARY OF CONGRESS CALL NUMBER
Classification number 333.02354 $2 20
110 2# - MAIN ENTRY--CORPORATE NAME
Corporate name or jurisdiction name as entry element Jones Lang LaSalle
9 (RLIN) 3755
245 00 - TITLE STATEMENT
Title Real estate and construction professionals in India by 2020
Remainder of title a demand and supply assessment of specialized skill-sets in built environment
Medium [electronic resource]
260 ## - PUBLICATION, DISTRIBUTION, ETC.
Place of publication, distribution, etc. London
Name of publisher, distributor, etc. RICS
Date of publication, distribution, etc. 2011
490 #0 - SERIES STATEMENT
Series statement RICS Research
520 ## - SUMMARY, ETC.
Summary, etc. Assesses the importance of the built environment to India's future economic growth, in the light of population trends and the subsequent possible demand for real estate space and infrastructure. Discusses the types of professions which will be needed, and suggests that there is a demand-supply gap in the range of 82-86% in the core professions group, made up of civil engineers, architects and planners, which could inhibit India's future growth.
590 ## - LOCAL NOTE (RLIN)
Local note KA
651 #4 - SUBJECT ADDED ENTRY--GEOGRAPHIC NAME
Geographic name India
690 ## - LOCAL SUBJECT ADDED ENTRY--TOPICAL TERM (OCLC, RLIN)
Topical term or geographic name as entry element CAREERS, EDUCATION AND TRAINING
856 40 - ELECTRONIC LOCATION AND ACCESS
Uniform Resource Identifier <a href="https://www.rics.org/Global/India_Skill_Set_181112_dwl_aj.pdf">https://www.rics.org/Global/India_Skill_Set_181112_dwl_aj.pdf</a>
Public note View the report free of charge at www.rics.org
942 ## - ADDED ENTRY ELEMENTS (KOHA)
Suppress in OPAC 0
Holdings
Withdrawn status Lost status Source of classification or shelving scheme Damaged status Not for loan Home library Current library Shelving location Date acquired Total Checkouts Full call number Barcode Date last seen Copy number Price effective from Koha item type
    Dewey Decimal Classification     London London Books 31/01/2012   RICS 2012/2 30077283 06/08/2019 1 06/08/2019 Book
    Dewey Decimal Classification     London London Archive copy 31/01/2012   RICS 2012/2 30077286 06/08/2019 2 06/08/2019 Archive
    Dewey Decimal Classification     Virtual Virtual Online 22/11/2011   ONLINE PUBLICATION 154378-2001 06/08/2019 1 06/08/2019 Book